MDQL
is popping MORE tags! Check the
thread
!
Quizzes
Events
Quiz Creation
Community
Videos
Private Events
Remove Ads
Sign In
Join for FREE
Feedback
Dark Mode
Quiz Categories
Sports
Geography
Music
Movies
Television
Just For Fun
Miscellaneous
History
Literature
Language
Science
Gaming
Entertainment
Religion
Holiday
For Kids
Quiz Lab
Recent
Popular Today
Quiz Kudos Today
Editor Picks
Curator Picks
Quizzes by...
Day
Popularity
Type
Ratings
Length
Year
Community
Subscriptions
Recent Discussions
Orange Saloon
Badges
Playlists
Quests
Create
Leaderboards
Showdown
Live 5
Trivia Bingo
Activity
Puzzle Library
Sporcle Events
Private Events
Virtual Trivia
Globe League
Become a Host
Pub Owners
SporcleCon
Opinionation
Our Games
Videos
Blog
Mobile Apps
Partnerships
Remove Ads and Go Orange
Feedback
Just For Fun
Clickable
Get the Picture
Humor
Quick Pick
Word Ladder
Missing Word
Mixed Word
Blitz
Minefield
This or That
Alphabet
Color
Typing
Sporcle
Puzzle
Word Play
Follow That Line
Logic
Just For Fun
Clickable
Get the Picture
Humor
Quick Pick
Word Ladder
Missing Word
Mixed Word
Blitz
Minefield
This or That
Alphabet
Color
Typing
Sporcle
Puzzle
Word Play
Follow That Line
Logic
Random Quiz
Search Sporcle
×
Quiz Lab
Quiz Lab
Just For Fun
Letter
Type in answers that appear in a list
Type in answers that appear in a list
Classic
Best Score? Go Orange.
Rhyming word ladder Stats
Can you name the rhyming word ladder?
By
gried
2m
61 Questions
135 Plays
135 Plays
135 Plays
Comments
Comments
Give Quiz Kudos
Give Quiz Kudos
-
- Ratings
hide this ad
Replay
Link that replays current quiz
Next Quiz
Link to next quiz in quiz playlist
You Got
0%
They Got
Avg Score
47%
Avg Friend Score
Upgrade to see
Score Distribution
Jump to the score distribution portion of the page
Score
0/61
Timer
02:00
0
Plays Today
hint
3 letter word
% Correct
Where you get milk from
cow
94.8%
fasten by stitches
sew
91.9%
what goes under a golf ball
tee
91.1%
a flying insect
bee
90.4%
hear, speak and _
_
_
_
_
no evil
see
89.6%
past tense of 'to meet'
met
88.9%
a Mexican would call this a 'sombrero'
hat
88.1%
what you do at a casino
bet
86.7%
something found at the door
mat
84.4%
scorching or piping _
_
_
_
hot
84.4%
this black animal is considered bad luck
cat
83%
'Miss Piggy' for example
sow
82.2%
an army bed
cot
80%
If there's heat 'Lay_
_
_
_
'
low
76.3%
the past tense of 'to sit'
sat
71.9%
a commonly worshiped supreme being
God
71.9%
singer '_
_
_
_
Stewart'
Rod
71.1%
a rodent
rat
68.9%
for sleeping on
bed
68.1%
no good
bad
63.7%
decompose
rot
62.2%
a young boy
lad
62.2%
a kind of fish
cod
60.7%
every bottle comes with one
cap
57%
the past tense of 'to feed'
fed
56.3%
take a wife or husband
wed
53.3%
not a gentleman
cad
46.7%
a writing tool
pen
45.2%
a frying or sauce _
_
_
_
_
_
pan
44.4%
a kind of dance
tap
43%
a jackson 5 song
ben
40.7%
hint
3 letter word
% Correct
a foolish and gullible person
sap
39.3%
animals kept at home
pet
38.5%
to obtain
get
37%
a lair
den
34.1%
for fishing or catching butterflies
net
32.6%
mama chicken
hen
30.4%
money in Japan
yen
29.6%
what a dime is worth
ten
28.9%
a place to workout
gym
27.4%
male homo sapiens
men
25.9%
the edge of all skirts have one
hem
25.9%
jewel or precious stone
gem
25.9%
a common name abbr.
Dan
25.2%
'Hubba Bubba' for example
gum
23.7%
short for the first working day of the week
Mon
23%
small amout
few
22.2%
making negative
not
22.2%
the result of adding numbers
sum
22.2%
honey _
_
_
dew
21.5%
negative prefix
non
20%
droop
sag
20%
where you find a price
tag
20%
ugly or evil-
looking old woman
hag
19.3%
state or declare
say
19.3%
the milky _
_
_
_
_
way
17%
a name
sam
15.6%
something children play with
toy
15.6%
delight or bliss
joy
14.1%
a kind of bean
soy
13.3%
to move to and fro or up and down
wag
11.1%
Quiz Playlist
Details
Report
Send in Message
Add To Playlist
Classic:
Type in answers that appear in a list
Last Updated: Feb 16, 2017
Quiz Scoreboard
CHALLENGE
Sign Up to Join the Scoreboard
Show All
Scores
Hide
Comments
May contain spoilers
Recently Published
1-10 Letter E Words III
by El_Dandy
Language
2m
Street Fighter Characters
by Artimus82
Gaming
60s
College Basketball Coaching Resumes
by pancakes188
Sports
9m
More to Explore
Quiz From the Vault
Featured Blog Post
Where Did the Easter Bunny Come From?
hide this ad
You Might Also Like...
Tags
Letter Quiz
Word Ladder Quiz
Rhyme
Today's Top Quizzes in Just For Fun
Browse Just For Fun
hide this ad
Today's Top Quizzes in Letter
Browse Letter
Top Contributed Quizzes in Just For Fun
1
Name Just One - 10 to 1: Just For Fun
2
Killer Double Trees 224 - Colour Match-Up
3
Spring Typing Challenge
4
Crossword Whiteout! 49
5
Zeroing In: Just For Fun
6
Survivor Winners Logic Puzzle
7
Word Ladder: Ahoy Matey
8
Word Ladder: Wilderness Weapon
9
Clickable Animal Jokes #2
10
Kyle's 122nd Triple Trees
Explore More
Trending Topics
Harry Potter
Disney
Marvel
Kpop
Anime
Crossword
NBA
Puzzle
Soccer
Song
Pokémon
Country
NFL
WWE
The Office
hide this ad
More By:
gried
Quiz
Plays
Rating
Category
Featured
Created
rhyming word ladder
135
2.33
Just For Fun
May 16, 2011
Go to Creator's Profile
Score Distribution
Quiz Creator Spotlight
gried
Follow
Send a Message
Quizzes Created
-
Created Quiz Play Count
-
More By This Creator
Popular Quizzes Today
1
Find the US States - No Outlines Minefield
2
Find the Countries of Europe - No Outlines Minefield
3
The Countries of the World
4
Find the US States
5
Risky Map Clicking: Biggest States A-Z
6
US States
7
Popular People in 1961
8
Movies - When Are They Set?
More Just For Fun Quizzes
Missing Word: Heartbreak Songs
Published
Trending Quizzes
Risky Map Clicking: Least Populous States A-Z
1-10 Letter G Words
1-10 Letter F Words
Countries of the World: 200 Million BC
Risky Map Clicking: Next State Alphabetically
Recently Updated
Beyoncé Albums
pecheneg
Leaping Animals
pecheneg
Reality TV Shows (A-Z)
bhenderson79
Rickey Henderson's Hall of Fame Teammates
pecheneg
Champions League XIs: Arsenal
pecheneg
Quick Pick: Celebrities in WWE's Hall of Fame
aduchscher
A-Z Keypad Blitz II
pecheneg
Multiple Oscar Actors
pecheneg
Mystery Phrase Blitz: Oscar 'Best Actors'
pecheneg
F. Scott Fitzgerald Novels
LTH
Trending Topics
Disney
Marvel
Anime
NBA
Kpop
Crossword
Harry Potter
Pokémon
Soccer
Song
WWE
Country
The Office
NFL
Puzzle
Your Account Isn't Verified!
In order to create a playlist on Sporcle, you need to verify the email address you used during registration. Go to your
Sporcle Settings
to finish the process.
Report this User
Report this user for behavior that violates our
Community Guidelines
.
Details:
Send Report
Go to the Sporcle.com Mobile Site →
Comments